000 00602nam a2200253Ia 4500
005 20260121160924.0
008 008 260114s9999 xx 000 0 eng d
020 _a9781315683737
037 _aEBOOK
040 _aCRL
040 _beng
040 _cCRL
041 _2eng
041 _aeng
084 _qCRL
100 _a Abdulkafi Albirini
_91037981
245 0 _aModern Arabic Sociolinguistics
260 _bTaylor and Francis
260 _c2016
856 _uhttp://www.taylorfrancis.com/books/9781315683737
942 _cEBOOK
999 _c1604797
_d1604797